Drey Predigten Vber den Ein vnd Neuntzigsten Psalmen Dauids/ gehalten

Bibliographic Details
Main Author: Gesner, Salomon, 1559-1605 (Author)
Other Authors: Meissner, Wolfgang‏, zomrel 1617 (Printer)
Format: Book
Language:German
PhysicalDescription:36 l. 4°
Published: Wittenberg Gedruckt bey Wolffgang Meisnern Jm Jahr M. D. XCVIII.[=1598]
Subjects:

MARC

LEADER 00000nam a2200000 a 4500
001 vtls011702265
003 SK-MaSNL
005 20260301140956.0
008 251112 1598 gw 001 0 ger
015 |a SNKHFA1598 
020 |q (viaz.) 
035 |a urn:nbn:sk:snk-am00cs8v 
035 |a urn:nbn:sk:snk-am3hapo 
035 |a F1148B93-C0A6-4FBA-8CD8-3314D23C9EE4 
040 |a SNKHF  |b slo  |c SNK  |e AACR2 
041 |a ger 
044 |a gw  |c DE 
072 7 |a 2  |x Náboženstvo  |2 konspekt 
080 |a 2-475.5  |2 2011 
080 |a 21/29-1/-9  |2 2011 
100 1 |a Gesner, Salomon,  |d 1559-1605  |4 aut  |9 172634 
245 1 0 |a Drey Predigten Vber den Ein vnd Neuntzigsten Psalmen Dauids/ gehalten  |c Von Salomone Gesnero der heiligen Schrifft Doctore vnd Professore zu Wittenberg 
260 |a Wittenberg  |b Gedruckt bey Wolffgang Meisnern  |c Jm Jahr M. D. XCVIII.[=1598] 
300 |a 36 l.  |c 4° 
500 |a Titulný list v červeno čiernej tlači, iniciálky s ornamentálnym pozadím na 4-5 r. 
501 |a Príväzok 1. k: FRANCISCI, Adam: Passio. - Wittenberg: Meissner, Wolfgang, 1599.  |5 SNK IC 143178 
504 |a Marginálie, kustódy 
510 4 |a VD 16 G/1836 
546 |a Nemčina  |b Fraktúra 
561 |a Z knižnice františkánov v Kremnici.  |5 SNK IC 143178, prív. 1 
650 0 7 |a kázne  |2 SNKPH  |9 1954 
650 0 7 |a náboženstvo  |2 SNKPH  |9 2023 
700 1 |a Meissner, Wolfgang‏,  |d zomrel 1617  |4 prt  |9 129187 
710 2 |a Františkáni (Kremnica, Slovensko)  |4 fmo  |9 162717 
752 |a Nemecko  |d Wittenberg 
852 |a snk  |b Františkáni Kremnica  |p IC 143178, prív. 1 
958 |a ONDV 
999 |c 765643  |d 767573 
952 |t Fr Kr 1344  |a SNK  |b SNK  |c SNK_HF  |y PREZ  |7 0  |p 17A1130156  |o snkIC 143178, prív.1  |i snk2017/16283  |8 5  |0 0  |1 0  |4 0  |d 2017-07-13  |f 1  |l 0  |r 2026-02-24 00:18:09  |w 2026-02-24